000 00679nam a2200217 a 4500
003 Ost
005 20140311163001.0
008 020718s19uu xx 00 eng d
020 _a9814096628
050 _aHF 5549.R44
_b.B497 2001
100 _aBillsberry, Jon
_930599
245 _aFinding and keeping the right people :
_bhow to recruit motivated employees /
_cJon Billsberry.
260 _aLondon :
_bPrentice-Hall,
_c2001.
300 _a233 p. :
_ccm.
500 _aSmarter solutions: the people pack. Includes index.
650 _aPersonnel management
_9685
650 _aemployees
_xselection of
_930600
942 _cBK
_2lcc
_kFOR
999 _c39207
_d39207